Gym II Derivatives Quiz Stats

 Plays Quiz not verified by Sporcle

Challenge
Share
Tweet
Embed
Score 0/24 Timer 05:00
0 Plays Today
Vocabulary Word Derivative % Correct
zealouslyzeal
85.7%
haphazardlyhaphazard
85.7%
mockingmock
85.7%
resignedlyresign
85.7%
enthrallingenthrall
71.4%
ashenash
71.4%
exhiliratingexhilirated
71.4%
zealouslyzealous
57.1%
enthrallingenthralled
57.1%
exhiliratingexhiliration
57.1%
uncannyuncannily
57.1%
stealthilystealth
57.1%
Vocabulary Word Derivative % Correct
convolutionconvolute
42.9%
convolutionconvoluted
42.9%
mockingmockery
42.9%
huffilyhuffy
42.9%
resignedlyresignation
42.9%
stealthilystealthy
42.9%
eloquenceeloquent
42.9%
eloquenceeloquently
42.9%
disclosedisclosure
42.9%
cessationcease
28.6%
discordantdiscordance
28.6%
coarsecoarsely
28.6%

You're not logged in!

Compare scores with friends on all Sporcle quizzes.
OR
Log In

You Might Also Like...

Show Comments

Extras

Created Mar 27, 2011ReportNominate
Tags:Vocabulary Quiz, derivative, gym

Top Quizzes Today


Score Distribution

Your Account Isn't Verified!

In order to create a playlist on Sporcle, you need to verify the email address you used during registration. Go to your Sporcle Settings to finish the process.

Report this User

Report this user for behavior that violates our Community Guidelines.

Details: